[Event "Wohlen op 4th"]
[Site "Wohlen"]
[Date "2023.08.25"]
[Round "1"]
[White "Reinhardt, Bernd"]
[Black "Reikowski, Manuel"]
[Result "1-0"]
[WhiteElo "2077"]
[BlackElo "1558"]
[PlyCount "105"]
[EventDate "2023.08.25"]
[EventType "swiss"]
[EventRounds "5"]
[EventCountry "SUI"]
[SourceTitle "EXT 2024"]
[Source "ChessBase"]
[SourceDate "2023.10.10"]
[SourceVersion "1"]
[SourceVersionDate "2023.10.10"]
[SourceQuality "1"]

1. Nf3 g6 2. d4 Bg7 3. Bf4 d6 4. e3 Nf6 5. h3 b6 6. Be2 Bb7 7. 0-0 0-0 8. Nbd2 Nbd7 9. a4 a5 10. c3 Ne4 11. Nxe4 Bxe4 12. Nd2 Bb7 13. Bg3 e5 14. Qc2 f5 15. f4 exf4 16. exf4 Re8 17. Bc4+ Kh8 18. Rae1 Nf6 19. Bh4 Qd7 20. Bb5 Bc6 21. Bxf6 Bxf6 22. Qd3 Rxe1 23. Rxe1 Re8 24. Re2 Kg7 25. Kf2 Bh4+ 26. g3 Bxb5 27. axb5 Bf6 28. Rxe8 Qxe8 29. Qc4 Qd7 30. Qd5 g5 31. Nf1 gxf4 32. gxf4 Bh4+ 33. Ke2 Qe8+ 34. Ne3 Qh5+ 35. Kd3 Kf6 36. Qg8 Ke7 37. Nd5+ Kd7 38. Qg7+ Ke8 39. Nxc7+ Kd8 40. Ne6+ Ke8 41. Nc7+ Kd8 42. Kd2 Kc8 43. Ne6 Bd8 44. Qf8 Qh4 45. Nxd8 Qxd8 46. Qxf5+ Qd7 47. Qxd7+ Kxd7 48. c4 h5 49. f5 h4 50. Ke3 Ke7 51. c5 bxc5 52. dxc5 dxc5 53. b6 1-0

[Event "Davos Challenge op"]
[Site "Davos"]
[Date "2022.06.06"]
[Round "6"]
[White "Reinhardt, Bernd"]
[Black "Leisch, Lukas"]
[Result "0-1"]
[WhiteElo "2124"]
[BlackElo "2407"]
[PlyCount "86"]
[EventDate "2022.06.03"]
[EventType "swiss"]
[EventRounds "7"]
[EventCountry "SUI"]
[SourceTitle "CBM 208 Extra"]
[Source "ChessBase"]
[SourceDate "2022.07.31"]
[SourceVersion "1"]
[SourceVersionDate "2022.07.31"]
[SourceQuality "1"]

1. d4 d5 2. Nf3 Nf6 3. c3 c5 4. dxc5 e6 5. g3 Bxc5 6. Bg2 0-0 7. 0-0 Nc6 8. Nbd2 e5 9. b4 Bd6 10. b5 Na5 11. Nb3 h6 12. e4 Nxb3 13. axb3 dxe4 14. Nd2 Bf5 15. Qe2 Qb6 16. Nc4 Qxb5 17. Ra5 Qc6 18. Nxd6 Qxd6 19. Qb5 b6 20. Qxe5 Qxe5 21. Rxe5 Bg6 22. Bf4 Rfd8 23. c4 Rd3 24. Rb5 Rad8 25. h3 Rd1 26. g4 R8d3 27. Rxd1 Rxd1+ 28. Kh2 Nd7 29. Be3 f6 30. Kg3 Rd6 31. Kf4 Bh7 32. b4 a6 33. c5 g5+ 34. Kg3 bxc5 35. bxc5 axb5 36. cxd6 Kf8 37. Bf1 b4 38. Bb5 Ke8 39. Bd4 Kd8 40. h4 Bg8 41. Bc6 Bh7 42. hxg5 hxg5 43. Ba4 Bg8 0-1

[Event "Lugano New Year op"]
[Site "Lugano"]
[Date "2022.01.03"]
[Round "2"]
[White "Paholok, Igor"]
[Black "Reinhardt, Bernd"]
[Result "0-1"]
[WhiteElo "1714"]
[BlackElo "2145"]
[PlyCount "35"]
[EventDate "2022.01.02"]
[EventType "swiss"]
[EventRounds "5"]
[EventCountry "SUI"]
[SourceTitle "EXT 2023"]
[Source "ChessBase"]
[SourceDate "2022.10.05"]
[SourceVersion "1"]
[SourceVersionDate "2022.10.05"]
[SourceQuality "1"]

1. d4 d6 2. Nf3 Nf6 3. e3 Nbd7 4. Bd3 e5 5. Nbd2 Qe7 6. e4 g6 7. 0-0 Bg7 8. c3 0-0 9. Re1 Nh5 10. Nc4 Nb6 11. Ne3 h6 12. Qc2 Nf4 13. Bf1 Bd7 14. Bd2 Rae8 15. dxe5 dxe5 16. Rad1 Qf6 17. Qc1 Nh3+ 18. gxh3 0-1

[Event "BL2-Ost 1920"]
[Site "Germany"]
[Date "2021.08.07"]
[Round "9.5"]
[White "Reinhardt, Bernd"]
[Black "Koepke, Christian"]
[Result "1/2-1/2"]
[WhiteElo "2182"]
[BlackElo "2332"]
[PlyCount "75"]
[EventDate "2019.10.19"]
[EventType "team-tourn"]
[EventRounds "11"]
[EventCountry "GER"]
[SourceTitle "EXT 2023"]
[Source "ChessBase"]
[SourceDate "2022.10.05"]
[SourceVersion "1"]
[SourceVersionDate "2022.10.05"]
[SourceQuality "1"]
[WhiteTeam "Bad Mergentheim"]
[BlackTeam "Garching"]
[WhiteTeamCountry "GER"]
[BlackTeamCountry "GER"]

1. d4 Nf6 2. Nf3 c5 3. e3 g6 4. Nbd2 Bg7 5. c3 d6 6. dxc5 dxc5 7. Bc4 Nc6 8. 0-0 0-0 9. Qc2 b6 10. e4 e6 11. Re1 Bb7 12. Bf1 Qc7 13. a4 Nd7 14. Nc4 Nce5 15. Nfxe5 Nxe5 16. h3 Bc6 17. Nxe5 Bxe5 18. Bb5 a6 19. Bxc6 Qxc6 20. Bh6 Bg7 21. Bxg7 Kxg7 22. Red1 Rfd8 23. f3 c4 24. Rxd8 Rxd8 25. Rd1 Rd6 26. Rxd6 Qxd6 27. Qf2 e5 28. Kh2 h5 29. h4 Kf8 30. Qe3 Ke7 31. Kg3 Kd7 32. Qh6 Qe7 33. Qh8 Qe8 34. Qf6 Qe6 35. Qh8 Qe8 36. Qf6 Qe6 37. Qh8 Qe8 38. Qf6 1/2-1/2

[Event "Davos op 20th"]
[Site "Davos"]
[Date "2021.06.12"]
[Round "2"]
[White "Matei, Robert"]
[Black "Reinhardt, Bernd"]
[Result "0-1"]
[WhiteElo "1726"]
[BlackElo "2188"]
[PlyCount "66"]
[EventDate "2021.06.11"]
[EventType "swiss"]
[EventRounds "5"]
[EventCountry "SUI"]
[SourceTitle "CBM 203 Extra"]
[Source "ChessBase"]
[SourceDate "2021.09.30"]
[SourceVersion "1"]
[SourceVersionDate "2021.09.30"]
[SourceQuality "1"]

1. Nf3 g6 2. c4 Bg7 3. Nc3 c5 4. b3 Nc6 5. Bb2 d6 6. e3 e5 7. Nd5 Nge7 8. Qc2 0-0 9. a3 a5 10. Be2 a4 11. Nxe7+ Qxe7 12. bxa4 Bf5 13. d3 Ra7 14. e4 Bd7 15. 0-0 Rfa8 16. Rfb1 Rxa4 17. Bc1 Nd8 18. Bd1 Bc6 19. Qe2 R4a6 20. Rb3 Ne6 21. g3 f5 22. Rab1 Rf8 23. Bc2 Rf7 24. Rb6 Ra8 25. Nd2 Nd4 26. Qd1 Raf8 27. Bb2 fxe4 28. Bxd4 cxd4 29. Nxe4 Bxe4 30. dxe4 Rxf2 31. Rxb7 Qg5 32. Rb8 Rd2 33. Qf1 Rxc2 0-1

[Event "Davos op 19th"]
[Site "Davos"]
[Date "2020.08.07"]
[Round "1"]
[White "Kuefner, Matthias"]
[Black "Reinhardt, Bernd"]
[Result "0-1"]
[WhiteElo "1659"]
[BlackElo "2198"]
[PlyCount "48"]
[EventDate "2020.08.07"]
[EventType "swiss"]
[EventRounds "5"]
[EventCountry "SUI"]
[SourceTitle "CBM 197 Extra"]
[Source "ChessBase"]
[SourceDate "2020.09.30"]
[SourceVersion "1"]
[SourceVersionDate "2020.09.30"]
[SourceQuality "1"]

1. e4 d6 2. d4 g6 3. Nf3 Bg7 4. Nc3 Nd7 5. Be3 e6 6. Qd2 h6 7. h3 a6 8. a4 b6 9. Rb1 Bb7 10. Bd3 Ne7 11. b4 Nf6 12. 0-0 g5 13. Rfe1 g4 14. hxg4 Nxg4 15. Bf4 Ng6 16. Bg3 h5 17. d5 h4 18. Bh2 Bh6 19. Qd1 e5 20. Be2 Qf6 21. Rf1 Bc8 22. Nd2 Nxh2 23. Kxh2 Qf4+ 24. Kg1 Qxd2 0-1

[Event "Roveredo op"]
[Site "Roveredo"]
[Date "2020.03.08"]
[Round "4"]
[White "Reinhardt, Bernd"]
[Black "Boschetti, Claudio"]
[Result "0-1"]
[WhiteElo "2198"]
[BlackElo "2091"]
[PlyCount "62"]
[EventDate "2020.03.06"]
[EventType "swiss"]
[EventRounds "5"]
[EventCountry "SUI"]
[SourceTitle "CBM 195 Extra"]
[Source "ChessBase"]
[SourceDate "2020.05.31"]
[SourceVersion "1"]
[SourceVersionDate "2020.05.31"]
[SourceQuality "1"]

1. d4 Nf6 2. Nf3 d6 3. Bf4 c6 4. h3 Nbd7 5. e3 g6 6. Be2 Bg7 7. 0-0 0-0 8. c4 Re8 9. Nc3 a6 10. Bh2 b5 11. b4 Bb7 12. Qb3 Nb6 13. c5 Nbd5 14. Nxd5 cxd5 15. a4 Qd7 16. axb5 axb5 17. Qd3 Bc6 18. Nd2 dxc5 19. bxc5 Ra4 20. Rxa4 bxa4 21. Rb1 Ra8 22. Qa3 Qc8 23. Rb4 Nd7 24. Nb1 e5 25. Nc3 exd4 26. exd4 Qe8 27. Bg3 Nxc5 28. dxc5 d4 29. Bb5 dxc3 30. Bxc6 Qxc6 31. Bd6 Qd5 0-1